000 00468nam a2200181Ia 4500
003 GCL
008 140319s9999 xx 000 0 eng d
040 _aGCL /
_cGCL
082 0 4 _a332.42
_bD C
100 1 _aDOWD,KEVIN
245 1 0 _aCURRENT ISSUES IN FINANCIAL AND ECONOMICS /
_cDOWD,KEVIN
700 1 _aLEWIS, MERVYN K
260 _a[S.N] :
_bMACMILLAN EDUCATION L TD ،
_c1992
300 _a232 P
650 0 4 _aECONOMICS
650 0 4 _aMONEY
942 _2ddc
_cBK
999 _c16707
_d16707